000 01079nam a2200325Ia 4500
001 79445
003 IT-RoPAU
008 130308s9999 xx 000 0 und d
040 _aIT-RoPAU
040 _cIT-RoPAU
041 _aITALIANO
100 _aCapra Fritjof
100 _gCodice Aut. SPICS: 28133
240 _aTAO OF PHYSICS (THE)
240 _gCodice Tit. Orig. Spics: T1146
245 _aTao della fisica (Il)
245 _bTao della Fisica (Il)
250 _a1a ed.
260 _aMILANO
260 _bAdelphi
260 _c1989 [1° Ed.:1989 - Ed.Ling.Originale:1975]
300 _a"382 p. (prefazione: no ; testo: 382 [pagine: 0-0])"
500 _aVia della Fisica via del misticismo Orientale Induismo Buddhismo pensiero Cinese Taoismo Zen corrispondenze e Armonia tra saggezza Orientale e Scienza Occidentale Teoria della Relatività meccanica Quantistica fascino delle Filosofie Mistiche Orientali
650 _aSAGGI DI ANTROPOLOGIA
650 _eCodice materia Spics: 3507
942 _cBK
957 _71
999 _c66514
_d66514
999 _bSI
999 _g1